Lord of the Rings: Movie Quotes #3 - Statistics

General Stats
  • This quiz has been taken 129 times
  • The average score is 12 of 15
Answer Stats
Hint Answer % Correct
Thats for Frodo! Thats for the Shire! And thats for my old gaffer! Sam
99%
There's plenty for the both of us, may be best Dwarf win! Gimli
98%
The filth of Saruman is washing away. Trees will come back to live here.Young trees. Wild trees. Treebeard
94%
You are soldiers of Gondor. No matter what comes through that gate you will stand your ground. Gandalf
92%
A mug of ale in my hand. Putting my feet up on a settle after a hard day's work. Pippin
92%
Draw out Sauron's armies. Empty his lands. Then we gather our full strength and march on the Black Gate. Aragorn
91%
I have a sword. Please accept it! I offer you my service Theoden King. Merry
91%
Murderer they called us. They cursed us and drove us away. Smeagol
90%
We shall have peace when the lives of the soldiers whose bodies were hewn even as they lay dead against the gates of the Hornburg are avenged! Theoden
90%
I'm naked in the dark. There's... there's nothing, no veil between me and the wheel of fire. I can see him with my waking eyes! Frodo
88%
Now is the hour, Riders of Rohan. Oaths you have taken. Now fulfil them all, to Lord and Land! Hah! Eomer
75%
The men have found their captain. They will follow you into battle. Even to death. You have given us hope. Eowyn
71%
You cannot think that this Ranger will ever sit upon the throne of Gondor. This exile, crept from the shadows will never be crowned King. Saruman
66%
Why do the fools fly? Better to die sooner than late. For die we must. Denethor
56%
I do not believe this darkness will endure. Faramir
48%
No matching quizzes found
Score Distribution
Percent of People with Each Score
Percentile by Number Answered
Your Score History
You have not taken this quiz